000 00435nam a2200145Ia 4500
008 090124s9999 xx 000 0 und d
082 _b202226
245 _a फळझाडांची लागवड
250 _a4
260 _bउद्यम प्रकाशन
_c1970
300 _a163
630 _a फळझाडांची लागवड
730 _a फळझाडांची लागवड
942 _cBOOK
999 _c183807
_d183807